000
00267nam a2200109Ia 4500
008
190912s9999||||xx |||||||||||||| ||und||
100
_a
Sawyer, Hutchinson
245
0
_a
Using Information Technology
260
_a
USA
_b
McGraw-Hill
_c
2001
300
_a
610
942
_c
BK
999
_c
7787
_d
7787